<?xml version="1.0" encoding="UTF-8"?><?xml-stylesheet type="text/xsl" href="static/style.xsl"?><OAI-PMH xmlns="http://www.openarchives.org/OAI/2.0/" xmlns:xsi="http://www.w3.org/2001/XMLSchema-instance" xsi:schemaLocation="http://www.openarchives.org/OAI/2.0/ http://www.openarchives.org/OAI/2.0/OAI-PMH.xsd"><responseDate>2026-04-14T04:19:38Z</responseDate><request verb="GetRecord" identifier="oai:www.recercat.cat:10256/27422" metadataPrefix="marc">https://recercat.cat/oai/request</request><GetRecord><record><header><identifier>oai:recercat.cat:10256/27422</identifier><datestamp>2025-10-02T23:01:21Z</datestamp><setSpec>com_2072_452955</setSpec><setSpec>com_2072_2054</setSpec><setSpec>col_2072_453073</setSpec></header><metadata><record xmlns="http://www.loc.gov/MARC21/slim" xmlns:dcterms="http://purl.org/dc/terms/" xmlns:xsi="http://www.w3.org/2001/XMLSchema-instance" xmlns:doc="http://www.lyncode.com/xoai" xsi:schemaLocation="http://www.loc.gov/MARC21/slim http://www.loc.gov/standards/marcxml/schema/MARC21slim.xsd">
   <leader>00925njm 22002777a 4500</leader>
   <datafield ind2=" " ind1=" " tag="042">
      <subfield code="a">dc</subfield>
   </datafield>
   <datafield ind2=" " ind1=" " tag="720">
      <subfield code="a">Izadi Kahkeshi, Zahra</subfield>
      <subfield code="e">author</subfield>
   </datafield>
   <datafield ind2=" " ind1=" " tag="720">
      <subfield code="a">Necromances Haghighi, Mehdi</subfield>
      <subfield code="e">author</subfield>
   </datafield>
   <datafield ind2=" " ind1=" " tag="720">
      <subfield code="a">D'Alterio, Massimo Christian</subfield>
      <subfield code="e">author</subfield>
   </datafield>
   <datafield ind2=" " ind1=" " tag="720">
      <subfield code="a">Afi Kheljani, Somayyeh Sadat</subfield>
      <subfield code="e">author</subfield>
   </datafield>
   <datafield ind2=" " ind1=" " tag="720">
      <subfield code="a">Sadjadi, Samahe</subfield>
      <subfield code="e">author</subfield>
   </datafield>
   <datafield ind2=" " ind1=" " tag="720">
      <subfield code="a">Bahri-Laleh, Naeimeh</subfield>
      <subfield code="e">author</subfield>
   </datafield>
   <datafield ind2=" " ind1=" " tag="720">
      <subfield code="a">Poater Teixidor, Albert</subfield>
      <subfield code="e">author</subfield>
   </datafield>
   <datafield ind2=" " ind1=" " tag="260">
      <subfield code="c">2025-09-23</subfield>
   </datafield>
   <datafield ind2=" " ind1=" " tag="520">
      <subfield code="a">This research investigates the polymerization of Raffinate 1 under mild conditions using All₃-based initiating systems incorporating five different ionic liquids: [MIM][HSO₄], [Py][HSO₄], [CycIM]Cl, [PVIMCyc]Cl, and [PVIM][HSO₄]. The resulting polybutenes were characterized to determine exo-olefin content, number-average molecular weight (Mₙ), and molecular weight dispersity (Ð). The exo-olefin content of the polymers was below 12 %, with Mₙ values ranging from 6000 to 9500 g·mol−1 and Ð values below 2.03. Compared to the neat AlCl₃/ethanol system, the incorporation of ionic liquids generally led to polybutenes with lower Mₙ, comparable or slightly higher Ð, and similar exo-olefin content. Deconvolution of the GPC curves revealed that all polymers featured three distinct active sites. Among these, the site producing low-molecular-weight polymer chains exhibited the lowest activity, contributing less than 10 wt% to the total polymer population. Additionally, Density functional theory calculations via Natural Bond Orbital analysis showed that the average NBO charge on aluminum in the (AlCl₃)₂ dimer complexes was more positive for ILs than for PILs and S-ILs. These NBO charges revealed a nonuniform distribution between the two aluminum centers upon bonding with the hydroxyl group, with an increase in positive charge on the aluminum center coordinating the hydroxyl</subfield>
   </datafield>
   <datafield ind2=" " ind1=" " tag="520">
      <subfield code="a">This research was funded by the Iran National Science Foundation under the grant number of 4023556, and by the Spanish Ministerio de Ciencia e Innovación with projects PID2021-127423NB-I00 and PID2024-155989NB-I00, and the Generalitat de Catalunya with project 2021SGR623. Financial supports from the project 3 A-Italy, MICS–PNRR MUR-M4C2-I 1.3 (PE00000004) are gratefully acknowledged</subfield>
   </datafield>
   <datafield ind2=" " ind1=" " tag="520">
      <subfield code="a">Open Access funding provided thanks to the CRUE-CSIC agreement with Elsevier</subfield>
   </datafield>
   <datafield tag="653" ind2=" " ind1=" ">
      <subfield code="a">Polimerització</subfield>
   </datafield>
   <datafield tag="653" ind2=" " ind1=" ">
      <subfield code="a">Polymerization</subfield>
   </datafield>
   <datafield ind2="0" ind1="0" tag="245">
      <subfield code="a">How ionic liquid composition affect Raffinate 1 polymerization in a cationic system?</subfield>
   </datafield>
</record></metadata></record></GetRecord></OAI-PMH>